Los fundamentos de la historia y la filosofía
Saved in:
| Main Author: | |
|---|---|
| Format: | Book |
| Language: | Spanish |
| Published: |
Buenos Aires
Americalee
1943
|
| Subjects: | |
| Tags: |
Add Tag
No Tags, Be the first to tag this record!
|
MARC
| LEADER | 00000nam a2200000 a 4500 | ||
|---|---|---|---|
| 001 | UCT3043 | ||
| 003 | CL-VaPUC | ||
| 008 | 961018e19430000AG |||||||||||||||||spa|d | ||
| 082 | 0 | 4 | |a 901 |b SER |2 21 |
| 100 | 0 | |a Serra Moret, Manuel |e author |9 372034 | |
| 245 | 1 | 4 | |a Los fundamentos de la historia y la filosofía |
| 300 | |a 258 p | ||
| 942 | |c BK | ||
| 945 | |d 19961018 00:00:00 |a cmena | ||
| 260 | |a Buenos Aires |b Americalee |c 1943 | ||
| 650 | 0 | |a Filosofía de la historia |9 265651 | |
| 650 | 0 | |a Historia |9 255047 | |
| 650 | 0 | |a Filosofía |9 223554 | |
| 650 | 0 | |a Historia y estudios conexos |9 338055 | |
| 650 | 0 | |a Teorías científicas |9 316549 | |
| 650 | 0 | |a Métodos de investigación |9 262618 | |
| 650 | 0 | |a Metafísica |9 265649 | |
| 650 | 0 | |a Antropología |9 233030 | |
| 650 | 0 | |a Etnografía |9 309735 | |
| 650 | 0 | |a Teoría del conocimiento |9 255038 | |
| 583 | |a last modification |c 19961018 00:00:00 |k Rodrigo Vera | ||
| 999 | |c 252875 |d 252873 | ||
| 952 | |0 0 |1 0 |4 0 |6 901_000000000000000_SER_1943 |7 0 |8 P |9 273006 |a BIBEDU |b BIBEDU |c BIBEDU_PB |d 2019-11-19 |i 1768786 |o 901 SER 1943 |p 1768786 |r 2024-01-25 |w 2019-11-19 |y BK |k FIL | ||